Výběr ekonometrického modelu.

Popis dvoch skupín kritérií pre výber ekonometrického modelu, ktoré sú ľahko použiteľné v nadväznosti na existujúce softwarové vybavenie - the SORITEC SAMPLER/Version 2.01, je k dispozícii na VŠE Praha - kritériá informačné, výber medzi lineárnym a logaritmickým modelom na základe Lagrangeových mult...

Description complète

Enregistré dans:
Détails bibliographiques
Auteur principal: Pánková, Václava
Format: Chapitre de livre
Langue:tchèque
Sujets:
Tags: Ajouter un tag
Pas de tags, Soyez le premier à ajouter un tag!

MARC

LEADER 00000naa a2200000 4500
001 r012954
005 20230113115919.3
041 0 |a cze 
044 |a CZ 
245 1 0 |a Výběr ekonometrického modelu.  |c V. Pánková 
520 |a Popis dvoch skupín kritérií pre výber ekonometrického modelu, ktoré sú ľahko použiteľné v nadväznosti na existujúce softwarové vybavenie - the SORITEC SAMPLER/Version 2.01, je k dispozícii na VŠE Praha - kritériá informačné, výber medzi lineárnym a logaritmickým modelom na základe Lagrangeových multiplikátorov. 
610 2 0 |a modely ekonometrické 
610 2 0 |a softvér 
610 2 0 |a SORITEC SAMPLER 
610 2 0 |a modely lineárne 
610 2 0 |a SAMPLER 
100 1 |a Pánková, Václava